Bodies of Water around Africa - Statistics

General Stats
  • This quiz has been taken 188 times
  • The average score is 8 of 12
Answer Stats
Answer % Correct
{Atlantic} Ocean
95%
{Indian} Ocean
95%
{Red} Sea
93%
{Mediterranean} Sea
89%
{Suez} Canal
89%
Gulf of {Guinea}
80%
Strait of {Gibraltar}
77%
Gulf of {Aden}
70%
{Mozambique} Channel
63%
{Arabian} Sea
55%
{Alboran} Sea
27%
{Bab-el Mandeb}
15%
No matching quizzes found
Score Distribution
Percent of People with Each Score
Percentile by Number Answered
Your Score History
You have not taken this quiz